[Event "Warsaw Chess Open 2022 - A"]
[Site "Warsaw"]
[Date "1899-12-30"]
[Round "1.1"]
[White "Janik, Igor"]
[Black "Atkinson, Paul"]
[Result "1-0"]
[WhiteTitle "GM"]
[BlackTitle "CM"]
[WhiteElo "2519"]
[BlackElo "2116"]

1. e4 c6 2. d4 d5 3. e5 Bf5 4. h4 h5 5. Bd3 Bxd3 6. Qxd3 e6 7. Bg5 Be7 8. Nf3 Nh6
9. Nbd2 Nf5 10. c3 Nd7 11. Nf1 c5 12. Ne3 c4 13. Qc2 g6 14. b3 Nb6 15. Nxf5 gxf5
16. O-O Rc8 17. b4 a6 18. a4 Na8 19. Rfe1 b6 20. b5 a5 21. Qd2 Kd7 22. Bf6 Qg8
23. Bxh8 Qxh8 24. Ng5 Rf8 25. Re3 Nc7 26. Rg3 Qh6 27. Qf4 Qh8 28. Kf1 Ke8 29.
Nh3 Rg8 30. Rxg8+ Qxg8 31. Re1 Qg4 32. Qxg4 hxg4 33. Ng5 Kf8 34. Ke2 Ne8 35. f3
gxf3+ 36. Nxf3 Ng7 37. Rg1 f4 38. g4 fxg3 39. Rxg3 Nf5 40. Rg4 Nh6 41. Rg1 Nf5
42. h5 Nh6 43. Ng5 Ke8 44. Nh7 Bd8 45. Kf3 Be7 46. Kf4 Kd8 47. Nf6 Nf5 48. Rg8+
Kc7 49. Nxd5+ 1-0

[Event "Warsaw Chess Open 2022 - A"]
[Site "Warsaw"]
[Date "1899-12-30"]
[Round "1.2"]
[White "Ceponis, Tadas"]
[Black "Jarmula, Lukasz"]
[Result "0-1"]
[WhiteTitle ""]
[BlackTitle "GM"]
[WhiteElo "2093"]
[BlackElo "2452"]

1. e4 c6 2. c4 e5 3. Nc3 Bb4 4. a3 Bxc3 5. dxc3 Nf6 6. Qd6 Qe7 7. Qxe7+ Kxe7 8.
Bg5 d6 9. f3 Be6 10. Nh3 Bxh3 11. gxh3 Nbd7 12. O-O-O h6 13. Be3 g5 14. Rg1 Nf8
15. Rg2 Ng6 16. Rgd2 Rhd8 17. Bd3 c5 18. Rg1 Nh5 19. Bf1 Nh4 20. Rf2 Rg8 21. Rg4
Raf8 22. Bd3 Nf4 23. Bxf4 exf4 24. Rg1 Ng6 25. Bc2 Ne5 26. b3 Rg6 27. Kd2 h5 28.
Bd1 a6 29. Be2 Ra8 30. a4 Kf6 31. Ra1 Nd7 32. Rg2 Ke5 33. Ke1 Nf6 34. Rd1 a5 35.
Kd2 Rh8 36. Kc2 g4 37. hxg4 hxg4 38. fxg4 Rh3 39. Rf1 Nh7 40. Rgf2 f6 41. Rxf4
Rxh2 42. Rf5+ Ke6 43. R5f2 Rgh6 44. e5 fxe5 45. Bd3 Ng5 46. Bf5+ Ke7 47. b4 axb4
48. cxb4 cxb4 49. Kb3 R2h3+ 50. Kxb4 Rg3 51. Rb2 Ne6 52. Ka5 Nc5 53. Rfb1 Kf6
54. Rb6 Kg5 55. Rd1 Nb3+ 56. Kb4 Nd4 57. Rb1 Nxf5 58. gxf5 Rh7 59. Rxd6 Kxf5 60.
Rf1+ Ke4 61. Rd5 Re7 62. Kc5 Re6 63. a5 Ra3 64. Kb4 Rf3 65. Re1+ Kf4 66. Rd7 e4
67. Rxb7 Kg3 68. Rb6 Re8 69. Re2 Rff8 70. Ka4 e3 71. Rbb2 Kf3 72. c5 Rf5 73. Kb4
Rb8+ 74. Ka4 Rf4+ 75. Ka3 Ra8 76. Rec2 Rxa5+ 77. Kb3 Rb5+ 78. Ka2 Rxb2+ 79. Kxb2
e2 80. c6 e1=Q 81. c7 Qb4+ 82. Kc1 Qa3+ 0-1

[Event "Warsaw Chess Open 2022 - A"]
[Site "Warsaw"]
[Date "1899-12-30"]
[Round "1.3"]
[White "Pacan-milej, Kosma"]
[Black "Janeczko, Jakub"]
[Result "1-0"]
[WhiteTitle "FM"]
[BlackTitle "I++"]
[WhiteElo "2412"]
[BlackElo "2080"]

1. d4 c5 2. d5 d6 3. e4 g6 4. Bb5+ Bd7 5. a4 Bg7 6. Nf3 Nf6 7. Nc3 O-O 8. Nd2 Na6
9. Bxa6 bxa6 10. O-O a5 11. Nc4 Bc8 12. Qe2 Rb8 13. Bd2 Ba6 14. Nb5 Qd7 15. Bc3
e6 16. Qf3 exd5 17. exd5 Bxb5 18. axb5 Qxb5 19. Na3 Qb7 20. Bxf6 Bxf6 21. Qxf6
Qxb2 22. Qxd6 Qc3 23. Qg3 1-0

[Event "Warsaw Chess Open 2022 - A"]
[Site "Warsaw"]
[Date "1899-12-30"]
[Round "1.4"]
[White "Zaninotto, Franco"]
[Black "Psyk, Radoslaw"]
[Result "0-1"]
[WhiteTitle "FM"]
[BlackTitle "k++"]
[WhiteElo "2069"]
[BlackElo "2411"]

1. e4 c5 2. Nf3 e6 3. d4 cxd4 4. Nxd4 Nc6 5. Nc3 Qc7 6. Qd3 Nf6 7. Ndb5 Qb8 8.
Qg3 d6 9. Be3 a6 10. Nd4 h5 11. f3 Bd7 12. Be2 b5 13. O-O b4 14. Nd1 h4 15. Qf2
d5 16. exd5 Nxd5 17. Nxc6 Bxc6 18. Bc5 Nf4 19. Re1 Rh5 20. Bxf8 Rg5 21. Qxh4 Rxg2+
22. Kf1 Ng6 23. Qh5 Rxh2 24. Qc5 Rh1+ 25. Kf2 Qh2+ 26. Ke3 Qf4+ 27. Kf2 Rh2+ 28.
Kf1 Bxf3 29. Nf2 Bd5 30. Bxa6 Rh1+ 31. Ke2 Bf3+ 32. Kd3 Rd8+ 0-1

[Event "Warsaw Chess Open 2022 - A"]
[Site "Warsaw"]
[Date "1899-12-30"]
[Round "1.5"]
[White "Nguyen, Piotr"]
[Black "Pires, Emanuel Joao Robarts"]
[Result "1-0"]
[WhiteTitle "IM"]
[BlackTitle "I++"]
[WhiteElo "2404"]
[BlackElo "2062"]

1. c4 e5 2. g3 Nf6 3. Bg2 Be7 4. Nc3 O-O 5. Nf3 d6 6. d4 exd4 7. Nxd4 Re8 8. O-O
c6 9. e4 Na6 10. h3 Bf8 11. Re1 g6 12. a3 Bd7 13. f4 Bg7 14. Be3 Nc5 15. Bf2 Qc7
16. b4 Ne6 17. Qd2 Rad8 18. Nc2 Bc8 19. Rad1 Nf8 20. Ne3 N6d7 21. g4 Ne6 22. Ne2
Nb6 23. Bh4 f6 24. Bg3 Nf8 25. a4 Be6 26. f5 Nxc4 27. Nxc4 Bxc4 28. Bxd6 Qb6+
29. Kh1 Nd7 30. a5 Qa6 31. Bc7 Rc8 32. Qxd7 Bxe2 33. Rd6 Bc4 34. fxg6 hxg6 35.
g5 fxg5 36. Rxg6 Bf7 37. Rxg5 Qc4 38. Be5 Rxe5 39. Qxc8+ Re8 40. Qg4 Qc3 41. Rg1
Be6 42. Qh5 Re7 43. e5 Rf7 44. Rxg7+ Kxg7 45. Bxc6+ 1-0

[Event "Warsaw Chess Open 2022 - A"]
[Site "Warsaw"]
[Date "1899-12-30"]
[Round "1.6"]
[White "Kulesza, Andrzej"]
[Black "Antolak, Julia"]
[Result "0-1"]
[WhiteTitle "I++"]
[BlackTitle "WGM"]
[WhiteElo "2051"]
[BlackElo "2399"]

1. e4 c6 2. d4 d5 3. Nd2 dxe4 4. Nxe4 Bf5 5. Ng3 Bg6 6. h4 h6 7. Nf3 e6 8. Ne5
Bh7 9. Bd3 Bxd3 10. Qxd3 Nd7 11. Nxd7 Qxd7 12. Ne4 O-O-O 13. Be3 f5 14. Nc3 Nf6
15. O-O-O Bd6 16. Kb1 Kb8 17. Ne2 Rhg8 18. Bf4 Ng4 19. Rhf1 g5 20. hxg5 hxg5 21.
Bxd6+ Qxd6 22. f3 Nf6 23. Qe3 Nd5 24. Qf2 f4 25. Rh1 Ne3 26. Rde1 c5 27. dxc5
Qxc5 28. Nc3 Rd7 29. Ne4 Qd4 30. g3 Rgd8 31. a3 Rd5 32. Qe2 a6 33. c3 Qa4 34.
gxf4 gxf4 35. Rc1 Nc4 36. Qc2 Qb5 37. a4 Qb6 38. Qf2 Qb3 39. Rc2 Na3+ 40. Kc1
Qa2 0-1

[Event "Warsaw Chess Open 2022 - A"]
[Site "Warsaw"]
[Date "1899-12-30"]
[Round "1.7"]
[White "Fus, Jakub"]
[Black "Gradalski, Olaf"]
[Result "1/2-1/2"]
[WhiteTitle "FM"]
[BlackTitle "k"]
[WhiteElo "2389"]
[BlackElo "2049"]

1. d4 Nf6 2. c4 e6 3. Nf3 d5 4. Nc3 c5 5. cxd5 cxd4 6. Qxd4 exd5 7. Bg5 Be7 8.
e3 O-O 9. Rd1 Be6 10. Bd3 Nc6 11. Qa4 Qb6 12. Qb5 h6 13. Bf4 g5 14. Bg3 Qxb5 15.
Nxb5 Ne4 16. Nc7 Rad8 17. Nxe6 fxe6 18. Bxe4 dxe4 19. Nd2 Bb4 20. a3 Bxd2+ 21.
Rxd2 Rxd2 22. Kxd2 Rd8+ 23. Ke2 Kf7 24. Rc1 Kf6 25. Rc4 Rd3 26. f3 Rb3 27. Rc2
exf3+ 28. gxf3 Ne5 29. Be1 g4 30. fxg4 Nxg4 31. Bc3+ Kf5 32. h3 Nf6 33. Bd4 b6
34. Rc7 e5 35. Bc3 Nd5 36. Rxa7 Nxc3+ 37. bxc3 Rxc3 38. Ra4 b5 39. Rb4 Rxa3 40.
Rxb5 h5 41. Kf3 Rc3 42. Rb4 Ra3 43. Rc4 1/2-1/2

[Event "Warsaw Chess Open 2022 - A"]
[Site "Warsaw"]
[Date "1899-12-30"]
[Round "1.8"]
[White "Choroszej, Aleksander"]
[Black "Sieciechowicz, Marcin"]
[Result "1/2-1/2"]
[WhiteTitle "k"]
[BlackTitle "IM"]
[WhiteElo "2040"]
[BlackElo "2383"]

1. d4 Nf6 2. c4 g6 3. Nc3 Bg7 4. e4 d6 5. f4 O-O 6. Nf3 c5 7. d5 e6 8. Be2 exd5
9. cxd5 Bg4 10. O-O Re8 11. h3 Bxf3 12. Bxf3 Nbd7 13. g4 Nb6 14. g5 Nfd7 15. h4
c4 16. Be3 a6 17. h5 Rc8 18. hxg6 hxg6 19. Bg4 Rc7 20. Bd4 Bxd4+ 21. Qxd4 Qe7
22. Rae1 Qf8 23. e5 dxe5 24. fxe5 Qc5 25. Qxc5 Nxc5 26. d6 Rc6 27. Bf3 Rcc8 28.
Nd5 Nbd7 29. Ne7+ Rxe7 30. dxe7 Re8 31. Bd5 Rxe7 32. Bxc4 Nf8 33. Rf4 Nce6 34.
Rg4 Rd7 35. Re2 b5 36. Bxe6 Nxe6 37. Kg2 Rd3 38. Kf2 a5 39. Re3 Rd2+ 40. Re2 Rd3
41. Re3 Rd2+ 42. Re2 1/2-1/2

[Event "Warsaw Chess Open 2022 - A"]
[Site "Warsaw"]
[Date "1899-12-30"]
[Round "1.10"]
[White "Krasiewicz, Robert"]
[Black "Sriram, Jha"]
[Result "0-1"]
[WhiteTitle "k+"]
[BlackTitle "GM"]
[WhiteElo "1999"]
[BlackElo "2361"]

1. c4 c6 2. Nf3 d5 3. b3 Bg4 4. Bb2 Bxf3 5. gxf3 Nf6 6. e3 Nbd7 7. d4 g6 8. Nd2
Bg7 9. Qc2 a5 10. Bg2 O-O 11. O-O Re8 12. f4 e6 13. Nf3 Ne4 14. Ne5 Nd6 15. Nxd7
Qxd7 16. Rfc1 Qd8 17. Ba3 Nf5 18. Qe2 Bf8 19. Bxf8 Rxf8 20. c5 f6 21. Bh3 Ng7
22. Rd1 Qc7 23. Rd2 Rae8 24. b4 axb4 25. Rb1 Qa5 26. Rdb2 e5 27. fxe5 fxe5 28.
Rxb4 exd4 29. Rxd4 Qxc5 30. Qb2 Rf7 31. Rb4 b5 32. a4 bxa4 33. Rxa4 Ref8 34. Rf1
h5 35. Qd4 Qc2 36. Ra7 Rxa7 37. Qxa7 Nf5 38. Qc7 Rf7 39. Qd8+ Kg7 40. Ra1 Ne7
41. Rf1 Nf5 42. Ra1 Nxe3 43. fxe3 Qc3 44. Rf1 Qxe3+ 45. Kh1 Qxh3 46. Rxf7+ Kxf7
47. Qc7+ Kf6 48. Qxc6+ Qe6 49. Qa8 Kg7 50. Kg2 Qd7 51. Kf2 d4 52. h4 Qf5+ 53.
Ke1 Qe6+ 54. Kd2 Qe3+ 55. Kd1 Qg1+ 56. Kd2 Qf2+ 57. Kd3 Qxh4 58. Qb7+ Kh6 59.
Qf7 Qd8 60. Ke2 d3+ 61. Kd1 Qh8 62. Kd2 Qd4 63. Qe7 h4 64. Qf8+ Kh5 65. Qf3+ Kg5
66. Qg2+ Kh6 0-1

[Event "Warsaw Chess Open 2022 - A"]
[Site "Warsaw"]
[Date "1899-12-30"]
[Round "1.11"]
[White "Rudolf, Michal"]
[Black "Adamski, Adam"]
[Result "1-0"]
[WhiteTitle "FM"]
[BlackTitle "I"]
[WhiteElo "2361"]
[BlackElo "1784"]

1. e4 c5 2. Nf3 d6 3. Bb5+ Nd7 4. Ba4 Ngf6 5. Qe2 g6 6. O-O Bg7 7. c3 O-O 8. d4
cxd4 9. cxd4 e5 10. dxe5 dxe5 11. Nc3 Nc5 12. Bc2 Re8 13. Bg5 Ne6 14. Rfd1 Qa5
15. Qb5 Qxb5 16. Nxb5 a6 17. Nd6 Rf8 18. Be3 Ne8 19. Nc4 f6 20. Nb6 Rb8 21. Bb3
N8c7 22. Rac1 Kh8 23. Rd6 Nb5 24. Nxc8 Nxd6 25. Nxd6 Nd8 26. Bb6 Nc6 27. Nf7+
Kg8 28. N7xe5+ Kh8 29. Nd7 1-0

[Event "Warsaw Chess Open 2022 - A"]
[Site "Warsaw"]
[Date "1899-12-30"]
[Round "1.12"]
[White "Klim, Filip"]
[Black "Sarkar, Justin"]
[Result "0-1"]
[WhiteTitle "I++"]
[BlackTitle "IM"]
[WhiteElo "1975"]
[BlackElo "2346"]

1. e4 c5 2. Nf3 e6 3. d4 cxd4 4. Nxd4 Nc6 5. Nc3 Qc7 6. Be2 Nf6 7. O-O Be7 8. Be3
O-O 9. f4 d6 10. Qe1 Nxd4 11. Bxd4 e5 12. Be3 exf4 13. Bxf4 Be6 14. Qg3 Rfd8 15.
Kh1 a6 16. Rad1 Ne8 17. e5 dxe5 18. Bxe5 Qb6 19. Ne4 Rxd1 20. Rxd1 Rd8 21. Bd3
f6 22. Qh4 Rd7 23. Ng5 fxg5 24. Qxh7+ Kf8 25. Qh8+ Bg8 26. Rf1+ Bf6 27. Bc4 Rf7
28. Bxf7 Kxf7 29. Qh5+ Ke7 30. Re1 Be6 31. Qe2 Qc6 32. c4 g4 33. c5 Kf7 34. Bd6
Qd5 35. Rd1 Qxa2 36. Be5 Qb3 37. Rd2 Qb5 38. Qf2 Qc4 39. Rd1 Qe4 40. Bg3 Qf5 41.
Qg1 Bd5 42. b4 Bc6 43. Rf1 Qe4 44. Rf4 Qe2 45. Rf2 Qd3 46. Rf4 g5 47. Rf1 Kg6
48. Qf2 Bd5 49. Bd6 Bd4 50. Qe1 Nf6 51. Qb1 Qxb1 52. Rxb1 Ne4 53. Bb8 Nf2+ 54.
Kg1 Be4 55. Rf1 Nd3+ 56. Kh1 Nxb4 57. Re1 Nd3 58. Re2 Bxc5 0-1

[Event "Warsaw Chess Open 2022 - A"]
[Site "Warsaw"]
[Date "1899-12-30"]
[Round "1.13"]
[White "Poltorak, Sebastian"]
[Black "Pettersson, Alexander"]
[Result "1-0"]
[WhiteTitle "FM"]
[BlackTitle "II+"]
[WhiteElo "2322"]
[BlackElo "1968"]

1. d4 d5 2. c4 e6 3. Nc3 Nf6 4. Bg5 Be7 5. e3 O-O 6. cxd5 exd5 7. Bd3 c6 8. Nge2
Re8 9. O-O h6 10. Bh4 Nh5 11. Bxe7 Qxe7 12. Ng3 Nxg3 13. hxg3 Nd7 14. Re1 Nf6
15. Qd2 Bd7 16. f3 Rad8 17. Qf2 Bc8 18. Re2 Qd6 19. g4 b6 20. Rd1 Re7 21. Qh4
c5 22. g5 hxg5 23. Qxg5 a6 24. Bb1 b5 25. a3 Bb7 26. Qh4 Rde8 27. Kf2 cxd4 28.
Rh1 Kf8 29. Qxd4 g6 30. e4 Qf4 31. g3 Qg5 32. Rh8+ Kg7 33. Rxe8 Rxe8 34. e5 Nh5
35. e6+ Kg8 36. Qg4 Qxg4 37. fxg4 Nf6 38. g5 Ne4+ 39. Nxe4 dxe4 40. exf7+ Kxf7
41. Rc2 e3+ 42. Ke2 Re7 43. Rc1 Bd5 44. Rf1+ Kg7 45. Rf6 Bc4+ 46. Ke1 Rf7 47.
Rxg6+ Kf8 48. Rf6 Rxf6 49. gxf6 Kf7 50. Bc2 Kxf6 51. b3 Be6 52. Ke2 a5 53. Kxe3
Ke5 54. Bd1 b4 55. a4 Bf7 56. g4 Be6 57. g5 Bf7 58. Bc2 Bg8 59. g6 Be6 60. g7
Bg8 61. Ke2 Kd4 62. Kd2 Kd5 63. Bd3 Ke5 64. Bc2 1-0

[Event "Warsaw Chess Open 2022 - A"]
[Site "Warsaw"]
[Date "1899-12-30"]
[Round "1.14"]
[White "Podgorski, Maciej"]
[Black "Malek, Jan"]
[Result "1-0"]
[WhiteTitle "I++"]
[BlackTitle "k++"]
[WhiteElo "1967"]
[BlackElo "2320"]

1. e4 c5 2. Nf3 Nc6 3. Bb5 e5 4. O-O Bd6 5. c3 a6 6. Bc4 Nf6 7. d4 cxd4 8. cxd4
exd4 9. e5 Bxe5 10. Nxe5 Nxe5 11. Re1 O-O 12. Rxe5 Qc7 13. Rd5 Qxc4 14. Rxd4 Qc5
15. Be3 b5 16. Qf3 Qc2 17. Na3 Qxb2 18. Rb1 Qxa3 19. Qxa8 Qxa2 20. Rc1 h6 21.
h3 Kh7 22. Rxc8 Rxc8 23. Qxc8 a5 24. Qc1 b4 25. Rh4 Kg8 26. Bd4 Ne8 27. Qc8 Qe6
28. Qa8 f5 29. Rf4 b3 30. Qxa5 Nd6 31. Qe5 Qg6 32. g4 h5 33. Qd5+ Kh7 34. Rxf5
Nxf5 35. Qxf5 hxg4 36. Qxg6+ Kxg6 37. hxg4 Kg5 38. f3 Kf4 39. Kf2 g5 40. Bb2 d5
41. Bd4 1-0

[Event "Warsaw Chess Open 2022 - A"]
[Site "Warsaw"]
[Date "1899-12-30"]
[Round "1.15"]
[White "Karolczuk, Iwo"]
[Black "Siekanska, Maria"]
[Result "1-0"]
[WhiteTitle "FM"]
[BlackTitle "k+"]
[WhiteElo "2319"]
[BlackElo "1964"]

1. e4 c5 2. Nc3 d6 3. d4 cxd4 4. Qxd4 Nc6 5. Qd2 g6 6. b3 Bh6 7. f4 e5 8. Nb5 Bxf4
9. Qxd6 Qxd6 10. Nxd6+ Kf8 11. Ba3 Nge7 12. Bc4 Nd4 13. Bd3 Kg7 14. c3 Ne6 15.
Ne2 Nc6 16. O-O Be3+ 17. Kh1 f6 18. Bc4 Nf4 19. Rf3 Bb6 20. Nxf4 exf4 21. Rxf4
Ne5 22. Be2 Be3 23. Rff1 Bg4 24. Bxg4 Nxg4 25. g3 Rad8 26. Nc4 Rd3 27. h3 b5 28.
Nb2 Rxc3 29. hxg4 h5 30. gxh5 Rxh5+ 31. Kg2 b4 32. Na4 Rc2+ 33. Kf3 Bd4 34. Rad1
Bc3 35. Bc1 Rxa2 36. Rd7+ Kg8 37. Rfd1 Rc2 38. Rc7 1-0

[Event "Warsaw Chess Open 2022 - A"]
[Site "Warsaw"]
[Date "1899-12-30"]
[Round "1.16"]
[White "Darda-braver, Roman"]
[Black "Fishchuk, Vladyslav"]
[Result "1/2-1/2"]
[WhiteTitle ""]
[BlackTitle "FM"]
[WhiteElo "1963"]
[BlackElo "2309"]

1. d4 Nf6 2. c4 c5 3. d5 b5 4. cxb5 a6 5. Nc3 axb5 6. Nxb5 e6 7. Nc3 exd5 8. Nxd5
Bb7 9. e4 Nxe4 10. Bc4 Bd6 11. Qg4 Bxd5 12. Bxd5 Nf6 13. Qe2+ Be7 14. Bxa8 Qa5+
15. Bd2 Qxa8 16. Nf3 O-O 17. O-O Nc6 18. Bg5 h6 19. Bh4 d5 20. Rfd1 Re8 21. Bxf6
Bxf6 22. Qb5 Ne5 23. Qxc5 Nxf3+ 24. gxf3 d4 25. Re1 Rxe1+ 26. Rxe1 Qxf3 27. Qc2
Qg4+ 28. Kf1 Qh3+ 29. Ke2 Qg4+ 30. Kd3 Qf3+ 31. Kc4 1/2-1/2

[Event "Warsaw Chess Open 2022 - A"]
[Site "Warsaw"]
[Date "1899-12-30"]
[Round "1.17"]
[White "Danielyan, Vahe"]
[Black "Keely, Leo A"]
[Result "1-0"]
[WhiteTitle "IM"]
[BlackTitle ""]
[WhiteElo "2295"]
[BlackElo "1955"]

1. e4 e5 2. Nf3 Nf6 3. Nc3 Bb4 4. Nxe5 O-O 5. Nd3 Bxc3 6. dxc3 Nxe4 7. Be2 d5 8.
O-O Nc6 9. f3 Nf6 10. Bg5 h6 11. Bh4 Qe7 12. Qd2 Re8 13. Rae1 Qe3+ 14. Qxe3 Rxe3
15. Bg3 Re7 16. Bd1 Be6 17. Nc5 b6 18. Nxe6 fxe6 19. Be2 a6 20. h3 e5 21. c4 d4
22. Bd3 Rae8 23. Bg6 Rd8 24. Re2 e4 25. fxe4 Ne5 26. Bf5 Nxc4 27. e5 Nd5 28. Bg6
Nde3 29. Bh4 Rde8 30. Rf4 Nxe5 31. Bxe8 Rxe8 32. Rxd4 Nf5 33. Rd8 Rxd8 34. Bxd8
Nc4 35. b3 Na3 36. Bxc7 b5 37. Be5 g6 38. Bb2 Nb1 39. c4 bxc4 40. bxc4 Kf7 41.
c5 Ne7 42. Kf2 Nd5 43. c6 a5 44. Re5 Nb6 45. Ke2 a4 46. c7 a3 47. Bd4 Nc8 48.
Rb5 1-0

[Event "Warsaw Chess Open 2022 - A"]
[Site "Warsaw"]
[Date "1899-12-30"]
[Round "1.18"]
[White "Sliwerski, Radoslaw"]
[Black "Dev, Shah"]
[Result "0-1"]
[WhiteTitle "k++"]
[BlackTitle "CM"]
[WhiteElo "1951"]
[BlackElo "2292"]

1. d4 d5 2. c4 c6 3. cxd5 cxd5 4. Bf4 Nf6 5. e3 Nc6 6. Nc3 a6 7. Bd3 Bg4 8. Nge2
e6 9. O-O Bd6 10. f3 Bh5 11. Rc1 O-O 12. Na4 e5 13. dxe5 Nxe5 14. Bb1 Re8 15.
Kh1 b5 16. Nac3 Bb8 17. b3 Ba7 18. Nd4 Qb6 19. g4 Bg6 20. g5 Nh5 21. Nxd5 Qd8
22. Bxg6 Nxf4 23. exf4 hxg6 24. Nc7 Nc4 25. bxc4 Qxc7 26. cxb5 Qxf4 27. Nc6 axb5
28. Nxa7 Rxa7 29. Qd5 Re2 0-1

[Event "Warsaw Chess Open 2022 - A"]
[Site "Warsaw"]
[Date "1899-12-30"]
[Round "1.19"]
[White "Terzi, Alexei"]
[Black "Mulawa, Cyprian"]
[Result "0-1"]
[WhiteTitle "FM"]
[BlackTitle "I"]
[WhiteElo "2286"]
[BlackElo "1949"]

1. e4 c5 2. Nc3 a6 3. g3 b5 4. Bg2 Bb7 5. Nh3 e6 6. O-O d6 7. d3 Nf6 8. f4 h5 9.
Ng5 Nbd7 10. Qe2 e5 11. Nd5 Nxd5 12. exd5 Be7 13. c4 Bxg5 14. fxg5 Qe7 15. Qf3
Nf8 16. Bd2 bxc4 17. dxc4 a5 18. a3 a4 19. b4 axb3 20. Qxb3 Bc8 21. h4 g6 22.
Be4 Nd7 23. a4 Ba6 24. a5 O-O 25. Qc2 Kg7 26. Rf3 Rab8 27. Raf1 Qd8 28. Rf6 Nxf6
29. gxf6+ Kh7 30. Qc3 Rh8 31. Qe3 Qf8 32. Qe2 Kg8 33. Qd3 Kh7 34. Qe2 Kg8 35.
Qd3 Kh7 36. g4 Kg8 37. g5 Kh7 38. Qe2 Rb2 39. Bd3 Qc8 40. Kh2 Qg4 41. Qxg4 hxg4
42. Rd1 Kg8 43. Kg3 Rb3 44. Be3 e4 45. Rb1 Rxd3 46. Kf4 Bxc4 47. a6 Bxa6 48. h5
Kh7 49. Rb6 Bc8 50. Rxd6 gxh5 0-1

[Event "Warsaw Chess Open 2022 - A"]
[Site "Warsaw"]
[Date "1899-12-30"]
[Round "1.20"]
[White "Markuszewski, Maksymilian"]
[Black "Mickiewicz, Piotr"]
[Result "0-1"]
[WhiteTitle ""]
[BlackTitle "m"]
[WhiteElo "1931"]
[BlackElo "2284"]

1. d4 Nf6 2. c4 d6 3. Nf3 Nbd7 4. Nc3 e5 5. e4 g6 6. Be2 Bg7 7. O-O O-O 8. Be3
Re8 9. Qc2 exd4 10. Nxd4 c6 11. Rad1 a5 12. f3 Nh5 13. g4 Nhf6 14. g5 Nh5 15.
f4 Nb6 16. c5 Nd5 17. exd5 Rxe3 18. dxc6 Nxf4 19. Rxf4 Qxg5+ 20. Kh1 Qxf4 21.
Nd5 Qe4+ 22. Qxe4 Rxe4 23. Nb6 Rxd4 24. Nxc8 bxc6 25. Nxd6 Rxd1+ 26. Bxd1 Bd4
27. Bb3 Ra7 0-1

[Event "Warsaw Chess Open 2022 - A"]
[Site "Warsaw"]
[Date "1899-12-30"]
[Round "1.21"]
[White "Sowul, Bartosz"]
[Black "Starosta, Martyna"]
[Result "0-1"]
[WhiteTitle "k++"]
[BlackTitle "WCM"]
[WhiteElo "2283"]
[BlackElo "1918"]

1. e4 e6 2. d4 d5 3. Nc3 Nf6 4. Bg5 Bb4 5. e5 h6 6. Bd2 Bxc3 7. bxc3 Ne4 8. Qg4
g6 9. Bc1 c5 10. Ne2 cxd4 11. f3 h5 12. Qh3 Nxc3 13. Nxc3 Qa5 14. Bd2 dxc3 15.
Bg5 Nc6 16. Bf6 Rh7 17. Qg3 Nb4 18. Rc1 Bd7 19. f4 Qb6 20. Qxc3 Rc8 21. Qb3 a5
22. c4 a4 23. Qa3 Qc5 24. Kd1 dxc4 25. Rc3 Nd5 26. Qxc5 Rxc5 27. Rf3 Nxf6 28.
exf6 h4 29. Rc3 b5 30. Be2 Bc6 0-1

[Event "Warsaw Chess Open 2022 - A"]
[Site "Warsaw"]
[Date "1899-12-30"]
[Round "1.22"]
[White "Zalega, Maciej"]
[Black "Yezhel, Valiantsin"]
[Result "0-1"]
[WhiteTitle "I+"]
[BlackTitle ""]
[WhiteElo "1912"]
[BlackElo "2248"]

1. e4 c5 2. Nf3 g6 3. c4 Bg7 4. d4 cxd4 5. Nxd4 Nc6 6. Be3 Nf6 7. Nc3 Ng4 8. Qxg4
Bxd4 9. Bxd4 Nxd4 10. O-O-O e5 11. Qg3 d6 12. f4 f6 13. Bd3 Be6 14. f5 Bf7 15.
fxg6 hxg6 16. Rhf1 g5 17. Kb1 Qe7 18. Nb5 Nxb5 19. cxb5 Rc8 20. Bc2 Bxa2+ 21.
Kxa2 Rxc2 22. Kb1 Rc4 23. Rc1 Rc5 24. h3 Rh4 25. Qd3 Rf4 26. b4 Rxf1 27. Rxf1
Rc7 28. Qd5 Qf7 29. b6 axb6 30. Qd3 Ke7 31. Rd1 Qe6 32. Kb2 Rc4 33. Ka3 b5 34.
Rd2 d5 35. exd5 Qa6+ 36. Kb2 Rxb4+ 37. Kc2 Qa4+ 38. Kc1 Qa1+ 0-1

[Event "Warsaw Chess Open 2022 - A"]
[Site "Warsaw"]
[Date "1899-12-30"]
[Round "1.23"]
[White "Chyzy, Jakub"]
[Black "Ciborowski, Konrad Jr"]
[Result "1-0"]
[WhiteTitle "FM"]
[BlackTitle "I++"]
[WhiteElo "2230"]
[BlackElo "1904"]

1. e4 c5 2. Nf3 Nc6 3. d4 cxd4 4. Nxd4 g6 5. c4 Nf6 6. Nc3 d6 7. Be2 Bg7 8. Be3
O-O 9. O-O a5 10. f3 Nxd4 11. Bxd4 Be6 12. Rc1 Nd7 13. Kh1 Bxd4 14. Qxd4 Qb6 15.
Qd2 a4 16. f4 Rfc8 17. f5 Bxc4 18. fxg6 hxg6 19. Bxc4 Rxc4 20. Qf4 Rf8 21. Nd5
Qc5 22. Nxe7+ Kh7 23. Nf5 1-0

[Event "Warsaw Chess Open 2022 - A"]
[Site "Warsaw"]
[Date "1899-12-30"]
[Round "1.24"]
[White "Celinski, Kamil"]
[Black "Rozycki, Bartlomiej"]
[Result "0-1"]
[WhiteTitle "I++"]
[BlackTitle "k++"]
[WhiteElo "1876"]
[BlackElo "2210"]

1. e4 c5 2. Nf3 e6 3. g3 Nc6 4. Bg2 g6 5. O-O Bg7 6. c3 Nge7 7. d4 cxd4 8. cxd4
d6 9. Nc3 O-O 10. Be3 d5 11. exd5 exd5 12. Qb3 Na5 13. Qc2 Bf5 14. Qc1 Rc8 15.
Bg5 Re8 16. Re1 Qd6 17. Qe3 Be6 18. Bf4 Qb4 19. Qc1 Nf5 20. Be5 Bxe5 21. Nxe5
Nxd4 22. Qh6 Rcd8 23. Red1 Nac6 24. Nxc6 bxc6 25. a3 Qxb2 26. Qe3 Qxc3 27. Qxd4
Qxd4 28. Rxd4 c5 29. Rd2 d4 30. Rc2 d3 31. Rd2 c4 32. Rc1 Rd6 33. Bf3 Rc8 34.
Rc3 Kg7 35. Bd1 Kf6 36. f4 Kf5 37. Bf3 Rb6 38. Kf2 Rcb8 39. Ke3 Rb3 40. g4+ Kf6
41. g5+ Ke7 42. Rc1 Rxa3 43. Kd4 a5 44. Rdd1 d2 0-1

[Event "Warsaw Chess Open 2022 - A"]
[Site "Warsaw"]
[Date "1899-12-30"]
[Round "1.25"]
[White "Padalka, Artem"]
[Black "Yunusov, Mukhammad"]
[Result "1-0"]
[WhiteTitle ""]
[BlackTitle ""]
[WhiteElo "2204"]
[BlackElo "1874"]

1. Nf3 d5 2. c4 c6 3. g3 Nf6 4. Bg2 g6 5. Qa4 dxc4 6. Qxc4 Bg7 7. Nc3 O-O 8. O-O
Nbd7 9. d3 Nb6 10. Qh4 Nbd5 11. Bh6 Bg4 12. Bxg7 Kxg7 13. Ne5 Be6 14. Rfc1 Nxc3
15. bxc3 Qa5 16. d4 Rab8 17. c4 Qa3 18. e4 Qb2 19. Rd1 c5 20. Rab1 Qxa2 21. d5
Bc8 22. Qf4 Bd7 23. Ra1 Qb3 24. Rdb1 Qc3 25. Rc1 Qd4 26. Rd1 Qc3 27. Rac1 Qb3
28. Nd3 b6 29. e5 Nh5 30. Qh4 Bf5 31. Bf1 Bxd3 32. Bxd3 f6 33. Qe4 f5 34. Qe1
Kg8 35. Rb1 Qa4 36. Ra1 Qd7 37. Bc2 Ng7 38. Ba4 Qc7 39. d6 exd6 40. exd6 Qd8 41.
Bb5 a5 42. Qe5 Qf6 43. Qd5+ Kh8 44. Re1 f4 45. Rad1 Rbd8 46. d7 h6 47. g4 f3 48.
Qe5 Qh4 49. Qg3 Qf6 50. h3 Qc3 51. Re3 Qc2 52. Rd6 a4 53. Rxf3 Rxf3 54. Qxf3 Qc1+
55. Kg2 a3 56. Qf6 Qg5 57. Qxg5 hxg5 58. Rd3 a2 59. Ra3 Ne6 60. Rxa2 Nd4 61. Ba4
b5 62. Bxb5 Nxb5 63. cxb5 Rxd7 64. b6 Rb7 65. Ra8+ 1-0

[Event "Warsaw Chess Open 2022 - A"]
[Site "Warsaw"]
[Date "1899-12-30"]
[Round "1.26"]
[White "Spicak, Krzysztof"]
[Black "Jaskolka, Tomasz"]
[Result "1/2-1/2"]
[WhiteTitle "k"]
[BlackTitle "CM"]
[WhiteElo "1858"]
[BlackElo "2194"]

1. e4 c5 2. Bc4 e6 3. Nc3 Nc6 4. f4 a6 5. a4 Nge7 6. d3 d5 7. Bb3 Nd4 8. Ba2 Nec6
9. Nce2 Nxe2 10. Nxe2 g6 11. O-O Bg7 12. c3 d4 13. Kh1 b5 14. Bb3 Bb7 15. axb5
axb5 16. Rxa8 Qxa8 17. c4 bxc4 18. Bxc4 O-O 19. Bd2 Na5 20. Bb5 Nc6 21. Qa1 Nb4
22. Qxa8 Rxa8 23. Rc1 Ra2 24. Rb1 Ba6 25. Bxa6 Rxa6 26. Bxb4 cxb4 27. Kg1 e5 28.
g3 Kf8 29. Kg2 Ke7 30. Kf3 Kd6 31. h4 Ra5 32. Rc1 Ra2 33. Rc2 Ra1 34. Nc1 f5 35.
Nb3 fxe4+ 36. dxe4 Rf1+ 37. Ke2 Rg1 38. Kf2 Rh1 39. Kg2 Re1 40. Nc5 Re3 41. Nb7+
Kd7 42. Nc5+ Ke7 43. Kf2 exf4 44. gxf4 Bf6 45. e5 Bxh4+ 46. Kg2 g5 47. fxg5 Rxe5
48. Nd3 Rxg5+ 49. Kf3 Rg3+ 50. Ke4 Bf6 51. Nxb4 Kf7 52. Nd5 Bg7 53. b4 Rg4+ 54.
Kf5 Rg1 55. Rc7+ Ke8 56. b5 Rf1+ 57. Ke4 d3 58. Kxd3 Rd1+ 1/2-1/2

[Event "Warsaw Chess Open 2022 - A"]
[Site "Warsaw"]
[Date "1899-12-30"]
[Round "1.27"]
[White "Ciechanski, Jacenty"]
[Black "Kostecka, Marika"]
[Result "1-0"]
[WhiteTitle "CM"]
[BlackTitle "WCM"]
[WhiteElo "2192"]
[BlackElo "1836"]

1. e4 c5 2. Nc3 Nc6 3. Nf3 e5 4. Bb5 d6 5. O-O Nf6 6. d3 Be7 7. h3 h6 8. Nd5 O-O
9. c3 a6 10. Bc4 Be6 11. Be3 Na5 12. Nxf6+ Bxf6 13. Bd5 Rb8 14. Qd2 Qc7 15. Nh2
Nc6 16. Ng4 Bxg4 17. hxg4 Ne7 18. Bb3 b5 19. g3 c4 20. Bc2 Qc8 21. g5 hxg5 22.
Bxg5 Qe6 23. Kg2 Bxg5 24. Qxg5 Qf6 25. Qe3 Qg6 26. d4 Qg4 27. Bd1 Qd7 28. Rh1
f5 29. Qg5 fxe4 30. Bg4 Rf5 31. Bxf5 Nxf5 32. Rh5 Rf8 33. Rah1 exd4 34. Qg6 1-0